000 00340nam a22001337a 4500
008 181010b xxu||||| |||| 00| 0 eng d
020 _a9780226816272
041 _aeng
080 _26th
_a371
100 _a25
101 _aEDU
245 _aA Manual for Writers of Term Papers, Theses, and Dissertations
_cTurabian, K.L
942 _2udc
_cBK
999 _c49303
_d49303